[Event "SVK-ch U12"]
[Site "Tatralandia"]
[Date "2024.04.11"]
[Round "8"]
[White "Bittner, Samuel"]
[Black "Sutto, Bencze"]
[Result "1-0"]
[WhiteElo "1612"]
[BlackElo "1000"]
[PlyCount "36"]
[EventDate "2024.04.05"]
[EventType "swiss"]
[EventRounds "9"]
[EventCountry "SVK"]
[SourceTitle "CB16_2024"]
[SourceDate "2024.04.17"]
[SourceVersion "1"]
[SourceVersionDate "2024.04.17"]
[SourceQuality "1"]

1. e4 e5 2. Nf3 Nc6 3. Nc3 Nf6 4. Bb5 a6 5. Bxc6 dxc6 6. Nxe5 Qd4 7. Nf3 Qd8 8. d3 Bb4 9. Bg5 Be7 10. 0-0 0-0 11. Nd2 Ng4 12. Bxe7 Qxe7 13. h3 Nf6 14. f4 Ne8 15. Nf3 Qf6 16. Qd2 b5 17. a3 c5 18. Nd5 Qg6 1-0

[Event "SVK-ch U12"]
[Site "Tatralandia"]
[Date "2024.04.10"]
[Round "7"]
[White "Sutto, Bencze"]
[Black "Halada, Lubos"]
[Result "1/2-1/2"]
[WhiteElo "1000"]
[BlackElo "1481"]
[PlyCount "68"]
[EventDate "2024.04.05"]
[EventType "swiss"]
[EventRounds "9"]
[EventCountry "SVK"]
[SourceTitle "CB16_2024"]
[SourceDate "2024.04.17"]
[SourceVersion "1"]
[SourceVersionDate "2024.04.17"]
[SourceQuality "1"]

1. e4 e5 2. Nf3 Nc6 3. d4 exd4 4. Bc4 Be7 5. c3 d6 6. Nxd4 Nxd4 7. cxd4 Nf6 8. Nc3 0-0 9. 0-0 b6 10. e5 dxe5 11. dxe5 Qxd1 12. Rxd1 Ng4 13. Nd5 Bc5 14. Rd2 Bb7 15. Nxc7 Rac8 16. Nb5 Bxf2+ 17. Rxf2 Nxf2 18. Kxf2 Rxc4 19. Nd6 Rc2+ 20. Kg1 Bxg2 21. Nf5 Bb7 22. b4 g6 23. Nd6 Bd5 24. Bh6 Rd8 25. a4 f6 26. Rd1 Bb3 27. exf6 Rg2+ 28. Kxg2 Bxd1 29. f7+ Kh8 30. f8Q+ Rxf8 31. Bxf8 Bxa4 32. Nc8 Kg8 33. Bh6 Kf7 34. Nxa7 Bd7 1/2-1/2